Countries by Religion - Statistics

General Stats
  • This quiz has been taken 451 times
    449 since last reset
  • The average score is 165 of 196
Answers on the Map
Answers color-coded by a green-red scale on the quiz's map according to % correct below.
 
Answer Stats
Country % Correct
Hinduism
98%
Catholicism
95%
Sunni
95%
Catholicism
94%
Hinduism
94%
Orthodox
94%
Protestant
94%
Sunni
94%
Catholicism
92%
Zionist
92%
Hinduism
91%
Methodist
91%
Buddhism
90%
Buddhism
88%
Lutheran
87%
Orthodox
87%
Sunni
87%
Calvinism
86%
Protestant
86%
Orthodox
85%
Orthodox
84%
Orthodox
82%
Shintoism
82%
Shi'a
81%
Sunni
80%
Shi'a
78%
Sunni
78%
Taoism
77%
Ibadi
72%
Anglican
65%
Atheist
51%
Atheist
49%
Anglican
45%
Judaism
43%
Atheist
39%
Lutheran
36%
Mixed Folk Religions
36%
No matching quizzes found
Score Distribution
Percent of People with Each Score
Percentile by Number Answered
Your Score History
You have not taken this quiz since the last reset